Setting Up a Sovereign Wealth Fund : Some Policy and Operational Considerations /

This paper offers a policy and operational "roadmap" to policymakers considering setting up an SWF. It should also be of interest to policymakers in countries where SWFs are already in place, to review their existing policies and operations. Finally, it offers an opportunity to identify ar...

Ausführliche Beschreibung

Bibliographische Detailangaben
1. Verfasser: Mulder, Christian
Weitere Verfasser: Das, Udaibir, Lu, Yinqiu, Sy, Amadou
Format: Zeitschrift
Sprache:English
Veröffentlicht: Washington, D.C. : International Monetary Fund, 2009.
Schriftenreihe:IMF Working Papers; Working Paper ; No. 2009/179
Online Zugang:Full text available on IMF
LEADER 01880cas a2200277 a 4500
001 AALejournalIMF006002
008 230101c9999 xx r poo 0 0eng d
020 |c 5.00 USD 
020 |z 9781451873269 
022 |a 1018-5941 
040 |a BD-DhAAL  |c BD-DhAAL 
100 1 |a Mulder, Christian. 
245 1 0 |a Setting Up a Sovereign Wealth Fund :   |b Some Policy and Operational Considerations /  |c Christian Mulder, Amadou Sy, Yinqiu Lu, Udaibir Das. 
264 1 |a Washington, D.C. :  |b International Monetary Fund,  |c 2009. 
300 |a 1 online resource (21 pages) 
490 1 |a IMF Working Papers 
500 |a <strong>Off-Campus Access:</strong> No User ID or Password Required 
500 |a <strong>On-Campus Access:</strong> No User ID or Password Required 
506 |a Electronic access restricted to authorized BRAC University faculty, staff and students 
520 3 |a This paper offers a policy and operational "roadmap" to policymakers considering setting up an SWF. It should also be of interest to policymakers in countries where SWFs are already in place, to review their existing policies and operations. Finally, it offers an opportunity to identify areas where research in macroeconomics and finance should give further answers as to the adequacy of existing practice related to the setting up and management of SWFs, an area where practical considerations often lead theoretical research. For instance, policymakers should optimally consider both their sovereign assets and liabilities together with their macroeconomic objectives, when setting up an SWF. 
538 |a Mode of access: Internet 
700 1 |a Das, Udaibir. 
700 1 |a Lu, Yinqiu. 
700 1 |a Sy, Amadou. 
830 0 |a IMF Working Papers; Working Paper ;  |v No. 2009/179 
856 4 0 |z Full text available on IMF  |u http://elibrary.imf.org/view/journals/001/2009/179/001.2009.issue-179-en.xml  |z IMF e-Library